000 00746nam a2200217 a 4500
003 DO-SdBNP
005 20221020104006.0
007 ta
008 221020e1980 dr ||||fr|||| 00| 0dspa d
040 _aDO-SdBNP
_bspa
_cBNPHU
082 4 _222
_bM266p
245 1 0 _aProceso económico 1978 y sus perspectivas. /
_cFernado Mangual
260 _a[Santo Domingo] :
_bUnidad de Comunicación Impresa,
_c1980
300 _a[48] p. ;
_c21 cm.
500 _aIncluye datos biográficos del autor en la contraportada.
590 _aInventariado 2022 / MF
630 4 _97893
_aEstudios económico-sociales
_y1978
_zRepública Dominicana
630 4 _960369
_aEconomía y política social
_y1978
_zRepública Dominicana
910 _aMFeliz
942 _2ddc
_cLF2
999 _c52594
_d52594